Reining in Long Tails in Warehouse-Scale Computers with Quick Voltage Boosting Using Adrenaline (Record no. 347606)
[ view plain ]
| 000 -LEADER | |
|---|---|
| fixed length control field | 00562nam a2200133Ia 4500 |
| 008 - FIXED-LENGTH DATA ELEMENTS--GENERAL INFORMATION | |
| fixed length control field | 171207s9999 xx 000 0 und d |
| 100 ## - MAIN ENTRY--PERSONAL NAME | |
| Personal name | Hsu, Chang-Hong |
| 245 ## - TITLE STATEMENT | |
| Title | Reining in Long Tails in Warehouse-Scale Computers with Quick Voltage Boosting Using Adrenaline |
| 245 ## - TITLE STATEMENT | |
| Statement of responsibility, etc | Chang-Hong Hsu, Yunqi Zhang, Michael A. Laurenzano, David Meisner, Thomas Wenisch, Ronald G. Dreslinski, Jason Mars, Lingjia Tang |
| 260 ## - PUBLICATION, DISTRIBUTION, ETC. (IMPRINT) | |
| Date of publication, distribution, etc | 2017 |
| 300 ## - PHYSICAL DESCRIPTION | |
| Extent | pages , July 2017 |
| 440 ## - SERIES STATEMENT/ADDED ENTRY--TITLE | |
| Title | ACM Transactions on Computer Systems |
| Volume number/sequential designation | 35:1 |
| 650 ## - SUBJECT ADDED ENTRY--TOPICAL TERM | |
| Topical term or geographic name as entry element | APPLIED COMPUTING; DATA CENTERS |
| Withdrawn status | Lost status | Damaged status | Home library | Current library | Date acquired | Total Checkouts | Date last seen | Price effective from | Koha item type |
|---|---|---|---|---|---|---|---|---|---|
| College Library | College Library | 12/07/2017 | 12/07/2017 | 12/07/2017 | Periodicals |